000 00395nam a2200157Ia 4500
008 230711s9999||||xx |||||||||||||| ||und||
041 _aENG
082 _a620.8
_bDE-F
100 _aDebler,Walter R
245 0 _aFluid mechanics fundamentals
250 _a1st Ed.
260 _c1990
_aNew Delhi
_bPHI Learning Private Limited
300 _a762
650 _aMechanical Engineering
942 _cBK
999 _c1896
_d1896